• 首页
  • 本馆介绍
  • 公告通知
  • 最新文献
  • 馆藏检索
  • 电子资源
  • 读者导购
  • 参考咨询
  • 我的图书馆
  • 登录
  • 详细信息显示
  • 放入我的书架
  • 预约/预借图书
  • 作者相关作品
  • 分类相关作品
  • 丛书相关作品
  • 出版社相关作品

书目信息

  • 表格格式
  • 工作单格式
  • 卡片格式
题名:
纺织电气基础
    
 
作者: 丁跃军 主编
分册:  
出版信息: 北京   中国纺织出版社  2008
页数: 12,324页
开本: 21cm
丛书名:
单 册:
中图分类: TS108.3
科图分类:
主题词: 纺织厂--电气设备 , 纺织厂 , 电气设备
电子资源:
ISBN: 978-7-5064-4713-3
000 00848nam0 2200253 450
001 012015000009
005 20150911084120.76
010    @a978-7-5064-4713-3@dCNY30.00
100    @a20150620d2008 em y0chiy50 ea
101 0  @achi
102    @aCN@b110000
105    @aa z 000yy
106    @ar
200 1  @a纺织电气基础@Afang zhi dian qi ji chu@f丁跃军主编
210    @a北京@c中国纺织出版社@d2008@h2013重印
215    @a12,324页@c图@d21cm
330    @a本书重点介绍了纺织电气基础知识,其中包含常见光电磁现象、常用电器知识、常见电路原理、安全用电知识和安全操作技能以及变频器、可编程序控制器、单片机工作原理等技术内容。
606 0  @a纺织厂@x电气设备
606 0  @a纺织厂
606 0  @a电气设备
690    @aTS108.3@v5
701  0 @a丁跃军@Ading yue jun@c(纺织工业)@4主编
801  0 @aCN@b碧洲教育@c20150716
905    @a10447@f4@dTS108.3@e18
    
    纺织电气基础/丁跃军主编.-北京:中国纺织出版社,2008(2013重印)
    12,324页:图;21cm
    
    
    ISBN 978-7-5064-4713-3:CNY30.00
    本书重点介绍了纺织电气基础知识,其中包含常见光电磁现象、常用电器知识、常见电路原理、安全用电知识和安全操作技能以及变频器、可编程序控制器、单片机工作原理等技术内容。
●
相关链接 在E读中查询图书 在五车中查询图书 在当当中查询图书 在豆瓣中查询图书


正题名:纺织电气基础     索取号:TS108.3/18         预约/预借

序号 登录号 条形码 馆藏地/架位号 状态 备注
1 0870957   208709575   第二样本阅览室/ [索取号:TS108.3/18] 在馆    
2 0870958   208709584   第三借阅区/ [索取号:TS108.3/18] 在馆    
3 0870959   208709593   第三借阅区/ [索取号:TS108.3/18] 在馆    
4 0870960   208709600   第三借阅区/ [索取号:TS108.3/18] 在馆    
唐山师范学院图书馆 欢迎您!
大连网信软件有限公司© 版权所有